| 000 | 01189cam a22003378i 4500 | ||
|---|---|---|---|
| 001 | 4432768 | ||
| 003 | ARRUPE | ||
| 005 | 20160315111631.0 | ||
| 008 | 780421s1978 pau b 000 0 eng | ||
| 010 | _a78008524 | ||
| 020 | _a0915138263 : | ||
| 035 | _a(OCoLC)3893625 | ||
| 035 | _a(OCoLC)ocm03893625 | ||
| 035 | _a(NNC)4432768 | ||
| 040 |
_aDLC _cDLC _dNNUT |
||
| 050 | 0 |
_aBT303.2 _b.R67 1978 |
|
| 090 |
_aBT303.2 _b.R67 1978 |
||
| 100 | 1 |
_aRosenstock-Huessy, Eugen, _d1888-1973. _922888 |
|
| 245 | 1 | 4 |
_aThe fruit of lips : _bor why four Gospels / _cby Eugen Rosenstock-Huessy ; edited by Marion Davis Battles. |
| 260 |
_aPittsburgh : _bPickwick Press, _c1978. |
||
| 300 |
_axxii, 144 p. ; _c22 cm. |
||
| 490 | 1 |
_aPittsburgh theological monograph series ; _v19 |
|
| 504 | _aIncludes bibliographical references. | ||
| 600 | 0 | 0 |
_aJesus Christ _xHistoricity. _9558 |
| 600 | 0 | 0 |
_aJesus Christ _xHistory of doctrines _yEarly church, ca. 30-600. _93540 |
| 630 | 0 | 0 |
_aBible. _pGospels _xCriticism, interpretation, etc. _922889 |
| 700 | 1 |
_aBattles, Marion Davis. _922890 |
|
| 830 | 0 |
_aPittsburgh theological monograph series ; _v19. _922891 |
|
| 942 |
_2lcc _cMONOGRAPH |
||
| 999 |
_c124360 _d124360 |
||